000 00814nam0a22002651 4500
001 rc\254405
005 20250621021028.0
010 _a5-7405-0075-3
_9150000
035 _a(NLR Aleph) 005517064
090 _a5468104
_c5468104
100 _a20030307d1990 |||y0rusy50 ca
101 0 _arus
102 _aRU
105 _aa |||||||||
200 1 _aДвое
_eГармония сексуал. отношений
210 _aБарнаул
_cАлт. кн. изд-во
_d1990
215 _a94, [2] с., [8] л. ил.
_d20
700 1 _aБеледа
_bР.В.
_gРостислав Васильевич
701 1 _aФотина
_bЛ.А.
_gЛариса Александровна
801 0 _aRU
_bNLR
_gpsbo
801 1 _aRU
_bELAR
_2rusmarc
852 _aNLR
_j91-4/1984
942 _cBOOK
980 _aNB